Statistics for Urban Agglomerations

Click here to take the quiz!

General Stats

  • This quiz has been taken 81 times
  • The average score is 15 of 20

Answer Stats

Comprising CitiesUrban Agglomaration% Correct
Fort Worth TXDallas
92%
Providence RI, Worcester MA, Manchester NHBoston
90%
Orange County, Riverside, San BernardinoLos Angeles
89%
Kawasaki, Yokohama, Chiba, SaitamaTokyo
89%
Fort Lauderdale FL, West Palm Beach FLMiami
88%
San Jose CA, Oakland CASan Francisco Bay Area
88%
Kobe, KyotoOsaka
86%
Hamilton ON, Oshawa ONToronto
86%
Baltimore MDWashington
85%
St Paul MNMinneapolis
82%
Incheon, Ansan, SuweonSeoul
82%
St Petersburg FLTampa
81%
Quezon CityManila
79%
Guragon, Faridabad, Noida, GhaziabadDelhi
75%
Dortmund, Bochum, Essen, DuisburgThe Ruhr
66%
Windsor ONDetroit
63%
FoshanGuangzhou
63%
RawalpindiRawalpindi-Islamabad
58%
Bogor, Tangerang, BekasiJakarta (Jabotabek)
55%
East RandJohannesburg
51%

Score Distribution

Percentile by Number Answered

Percent of People with Each Score

Your Score History

You have not taken this quiz